[Event "FSGM 2003.11"]
[Site "Budapest HUN"]
[Date "2003.11.02"]
[Round "2"]
[White "Sarakauskas, Gediminas"]
[Black "Bluvshtein, Mark"]
[Result "1/2-1/2"]
[WhiteElo "2428"]
[BlackElo "2463"]
[PlyCount "173"]
[EventDate "2003.11.01"]
[EventType "tourn"]
[EventRounds "13"]
[EventCountry "HUN"]
[EventCategory "8"]
[Source "Mark Crowther"]
[SourceDate "2003.11.10"]

1. c4 e6 2. g3 Nf6 3. Bg2 c5 4. Nf3 Nc6 5. O-O a6 6. Nc3 Be7 7. b3 Qa5 8. Bb2
O-O 9. d4 cxd4 10. Nxd4 Rd8 11. a3 Qc7 12. Rc1 Nxd4 13. Qxd4 d6 14. Rfd1 Bd7
15. a4 Rac8 16. Ba3 Be8 17. h3 Qb8 18. Qd3 Bc6 19. e4 Qa7 20. Rd2 Nd7 21. Kh2
Nc5 22. Qc2 Bf6 23. Re1 Qb6 24. b4 Bxc3 25. Qxc3 Nxa4 26. Qd3 a5 27. b5 Bxb5
28. Rb1 Bxc4 29. Rxb6 Bxd3 30. Rxb7 Nc5 31. Ra7 g6 32. e5 dxe5 33. Bxc5 Rxc5
34. Be4 Rc3 35. Rxa5 Rd4 36. Bxd3 Rcxd3 37. Rxd3 Rxd3 38. Rxe5 Kg7 39. h4 Rd5
40. Re4 e5 41. Kg2 f5 42. Ra4 Rd7 43. Kf3 e4+ 44. Ke3 Kh6 45. Ke2 Rb7 46. Kf1
Kh5 47. Kg2 Rb2 48. Ra7 Kg4 49. Re7 Re2 50. Re6 Ra2 51. Re7 Rc2 52. Re8 Rc7 53.
Re6 Rd7 54. Re8 Rb7 55. Re6 Rc7 56. Re8 Rc2 57. Re7 h6 58. Re6 Kh5 59. Re5 Kg4
60. Re6 g5 61. hxg5 hxg5 62. Re8 Kh5 63. Re6 Re2 64. Kf1 Ra2 65. Kg2 Rb2 66.
Kg1 Kg4 67. Kg2 Re2 68. Re8 Kh5 69. Rh8+ Kg6 70. Rg8+ Kf6 71. Rf8+ Ke5 72. Re8+
Kd4 73. Rd8+ Ke5 74. Re8+ Kf6 75. Rf8+ Ke6 76. Rg8 Ra2 77. Re8+ Kd5 78. Rd8+
Kc4 79. Kf1 f4 80. gxf4 gxf4 81. Kg1 Kc3 82. Kf1 Ra4 83. Kg2 Rd4 84. Rf8 e3 85.
fxe3 fxe3 86. Kf3 Kd2 87. Ra8 1/2-1/2

[Event "FSGM 2003.11"]
[Site "Budapest HUN"]
[Date "2003.11.03"]
[Round "3"]
[White "Bluvshtein, Mark"]
[Black "Taylor, Timothy"]
[Result "1-0"]
[WhiteElo "2463"]
[BlackElo "2385"]
[PlyCount "123"]
[EventDate "2003.11.01"]
[EventType "tourn"]
[EventRounds "13"]
[EventCountry "HUN"]
[EventCategory "8"]
[Source "Mark Crowther"]
[SourceDate "2003.11.10"]

1. d4 d5 2. c4 e6 3. Nc3 Nf6 4. e3 Be7 5. Nf3 O-O 6. Be2 dxc4 7. Bxc4 a6 8. O-O
b5 9. Bb3 Bb7 10. Qe2 c5 11. Rd1 Nbd7 12. Ne5 Nxe5 13. dxe5 Nd7 14. Bc2 c4 15.
Ne4 Qc7 16. f4 Bxe4 17. Bxe4 Rad8 18. Bd2 Nc5 19. Bc2 g6 20. Bc3 Nd3 21. Bxd3
cxd3 22. Rxd3 Qc4 23. Bd4 Rc8 24. Kf2 b4 25. Rd2 f6 26. Qxc4 Rxc4 27. b3 Rc6
28. Rad1 fxe5 29. Bxe5 Bf6 30. Bxf6 Rxf6 31. Ke2 Rf7 32. Rd6 Rfc7 33. Rxc6 Rxc6
34. Rd4 Rc2+ 35. Rd2 Rc5 36. Rd6 Rc2+ 37. Kf3 Rxa2 38. Rxe6 Kf7 39. Rb6 a5 40.
Rb7+ Kg8 41. Ra7 h5 42. h3 h4 43. e4 Rb2 44. Rxa5 Rxb3+ 45. Kg4 Rg3+ 46. Kxh4
Rxg2 47. Rb5 Rb2 48. Kg5 Rg2+ 49. Kf6 Rf2 50. Kxg6 Rxf4 51. Rb8+ Rf8 52. Rxb4
Re8 53. h4 Re6+ 54. Kf5 Ra6 55. e5 Kg7 56. Rb7+ Kh6 57. e6 Ra1 58. e7 Re1 59.
Rb6+ Kg7 60. Re6 Rf1+ 61. Kg5 Rg1+ 62. Kh5 1-0

[Event "FSGM 2003.11"]
[Site "Budapest HUN"]
[Date "2003.11.04"]
[Round "4"]
[White "Szeberenyi, Adam"]
[Black "Bluvshtein, Mark"]
[Result "1/2-1/2"]
[WhiteElo "2417"]
[BlackElo "2463"]
[PlyCount "28"]
[EventDate "2003.11.01"]
[EventType "tourn"]
[EventRounds "13"]
[EventCountry "HUN"]
[EventCategory "8"]
[Source "Mark Crowther"]
[SourceDate "2003.11.10"]

1. d4 Nf6 2. Nf3 e6 3. Bg5 c5 4. e3 b6 5. d5 exd5 6. Nc3 Be7 7. Nxd5 Bb7 8. Bc4
Nc6 9. Nxe7 Qxe7 10. Bd5 O-O-O 11. O-O h6 12. Bxf6 Qxf6 13. c3 Ne7 14. Bxb7+
Kxb7 1/2-1/2

[Event "FSGM 2003.11"]
[Site "Budapest HUN"]
[Date "2003.11.06"]
[Round "6"]
[White "Nguyen, Ngoc Truongson"]
[Black "Bluvshtein, Mark"]
[Result "1-0"]
[WhiteElo "2417"]
[BlackElo "2463"]
[PlyCount "81"]
[EventDate "2003.11.01"]
[EventType "tourn"]
[EventRounds "13"]
[EventCountry "HUN"]
[EventCategory "8"]
[Source "Mark Crowther"]
[SourceDate "2003.11.10"]

1. c4 Nf6 2. g3 e5 3. Bg2 Nc6 4. Nc3 Bc5 5. e3 d6 6. a3 a5 7. Nge2 O-O 8. O-O
Ba7 9. b4 axb4 10. axb4 Nxb4 11. Qb3 c5 12. Nb5 Qb6 13. Nec3 Be6 14. d4 e4 15.
Bd2 Bf5 16. Na4 Qd8 17. Bxb4 cxb4 18. Nb2 Bb6 19. Rxa8 Qxa8 20. Nxd6 Bg6 21.
Qxb4 Bc7 22. Nb5 Ba5 23. Qb3 Bd8 24. Na4 b6 25. Nbc3 Qc8 26. Rb1 h5 27. Bf1 Qf5
28. Qb5 Qg4 29. Nxb6 h4 30. Ncd5 hxg3 31. hxg3 Bf5 32. Nf4 g6 33. Bh3 Qg5 34.
Bxf5 gxf5 35. Nd7 Ng4 36. Kg2 Re8 37. Rh1 Bc7 38. Rh5 Qg7 39. Qxf5 Bxf4 40.
Qxf4 Re6 41. Qb8+ 1-0

[Event "FSGM 2003.11"]
[Site "Budapest HUN"]
[Date "2003.11.09"]
[Round "9"]
[White "Schneider, Dmitry"]
[Black "Bluvshtein, Mark"]
[Result "1-0"]
[WhiteElo "2437"]
[BlackElo "2463"]
[PlyCount "59"]
[EventDate "2003.11.01"]
[EventType "tourn"]
[EventRounds "13"]
[EventCountry "HUN"]
[EventCategory "8"]
[Source "Mark Crowther"]
[SourceDate "2003.11.17"]

1. e4 c5 2. Nf3 d6 3. d4 cxd4 4. Nxd4 Nf6 5. Nc3 Nc6 6. f3 Bd7 7. Be3 e6 8. Qd2
a6 9. O-O-O b5 10. g4 h6 11. h4 Ne5 12. Rg1 Qc7 13. g5 Nh5 14. f4 b4 15. Nb1
Nc4 16. Bxc4 Qxc4 17. e5 Rc8 18. g6 f5 19. b3 Qd5 20. Qh2 dxe5 21. fxe5 Qe4 22.
Rge1 f4 23. Nd2 Qxe5 24. Bg1 Qf6 25. Rxe6+ Bxe6 26. Re1 Kd7 27. Rxe6 Qd8 28.
Qh3 Kc7 29. Qf5 Nf6 30. Rxa6 1-0

[Event "FSGM 2003.11"]
[Site "Budapest HUN"]
[Date "2003.11.10"]
[Round "10"]
[White "Bluvshtein, Mark"]
[Black "Kallio, Heikki"]
[Result "1/2-1/2"]
[WhiteElo "2463"]
[BlackElo "2493"]
[PlyCount "125"]
[EventDate "2003.11.01"]
[EventType "tourn"]
[EventRounds "13"]
[EventCountry "HUN"]
[EventCategory "8"]
[Source "Mark Crowther"]
[SourceDate "2003.11.17"]

1. d4 Nf6 2. c4 g6 3. Nc3 d5 4. Bf4 Bg7 5. e3 O-O 6. Be5 dxc4 7. Bxc4 a6 8. a4
b6 9. Qf3 Ra7 10. Bxf6 Bxf6 11. Rd1 c5 12. Qg3 Nc6 13. dxc5 Rd7 14. Rxd7 Bxd7
15. Nge2 bxc5 16. O-O Qa5 17. Rd1 Bf5 18. e4 Bc8 19. b3 Bg7 20. f4 Qb6 21. Nd5
Qb7 22. Qh4 Be6 23. Rd3 Bxd5 24. exd5 Na5 25. f5 Bf6 26. Qf4 g5 27. Qe4 Qb4 28.
Kf1 Rd8 29. d6 Nxc4 30. bxc4 exd6 31. h4 Qxa4 32. Ng3 Re8 33. Qg4 h6 34. hxg5
Bxg5 35. Rxd6 Kf8 36. Kg1 a5 37. Kh2 Qc2 38. Rd7 a4 39. Ra7 Rd8 40. Qe4 Qxe4
41. Nxe4 Rd4 42. Nxg5 hxg5 43. Rxa4 Kg7 44. Kg3 Kf6 45. Ra7 Rf4 46. Rd7 Rxf5
47. Rc7 Kg6 48. Rc8 Re5 49. Rc6+ Kf5 50. Kf3 g4+ 51. Kg3 Kg5 52. Rc8 f5 53.
Rg8+ Kf6 54. Rf8+ Kg6 55. Rc8 Kf6 56. Rf8+ Kg6 57. Rg8+ Kf6 58. Rc8 Ke6 59.
Rc6+ Kd7 60. Rf6 Re4 61. Rxf5 Rxc4 62. Rg5 Kc6 63. Rxg4 1/2-1/2

[Event "FSGM 2003.11"]
[Site "Budapest HUN"]
[Date "2003.11.11"]
[Round "11"]
[White "Ionescu, Mihai"]
[Black "Bluvshtein, Mark"]
[Result "1-0"]
[WhiteElo "2366"]
[BlackElo "2463"]
[PlyCount "77"]
[EventDate "2003.11.01"]
[EventType "tourn"]
[EventRounds "13"]
[EventCountry "HUN"]
[EventCategory "8"]
[Source "Mark Crowther"]
[SourceDate "2003.11.17"]

1. Nf3 c5 2. c4 e6 3. g3 d5 4. cxd5 exd5 5. d4 Nc6 6. Bg2 Nf6 7. O-O Be7 8. Nc3
O-O 9. Bg5 c4 10. Ne5 Be6 11. Nxc6 bxc6 12. b3 Qa5 13. Qc2 Rfd8 14. e3 Rac8 15.
bxc4 dxc4 16. Ne4 Qf5 17. Rac1 Qg6 18. Bxf6 gxf6 19. Nd2 c5 20. d5 Qxc2 21.
Rxc2 Bxd5 22. Bxd5 Rxd5 23. Nxc4 f5 24. Rb1 Rc7 25. Kf1 Kg7 26. Ke2 Kf6 27. Rb3
Rdd7 28. Rcb2 Ke6 29. Ra3 f6 30. Ra6+ Kd5 31. Rc2 Rb7 32. f3 Rdc7 33. Kd3 Rb6
34. Nxb6+ axb6 35. Rxb6 Ra7 36. Rb3 Ra4 37. Rb7 Ra3+ 38. Ke2 Ke6 39. h4 1-0

[Event "FSGM 2003.11"]
[Site "Budapest HUN"]
[Date "2003.11.12"]
[Round "12"]
[White "Bluvshtein, Mark"]
[Black "Kayumov, Sergey"]
[Result "1/2-1/2"]
[WhiteElo "2463"]
[BlackElo "2434"]
[PlyCount "43"]
[EventDate "2003.11.01"]
[EventType "tourn"]
[EventRounds "13"]
[EventCountry "HUN"]
[EventCategory "8"]
[Source "Mark Crowther"]
[SourceDate "2003.11.17"]

1. e4 e5 2. Nf3 Nc6 3. Bb5 a6 4. Ba4 Nf6 5. O-O Be7 6. Re1 b5 7. Bb3 d6 8. c3
O-O 9. h3 Na5 10. Bc2 c5 11. d4 Qc7 12. Nbd2 cxd4 13. cxd4 Nc6 14. Nb3 a5 15.
Be3 a4 16. Nbd2 Bd7 17. Rc1 Qb7 18. a3 Rfe8 19. Bd3 Rab8 20. Qe2 exd4 21. Nxd4
Ne5 22. Bb1 1/2-1/2

[Event "FSGM 2003.11"]
[Site "Budapest HUN"]
[Date "2003.11.13"]
[Round "13"]
[White "Wittmann, Walter"]
[Black "Bluvshtein, Mark"]
[Result "1/2-1/2"]
[WhiteElo "2333"]
[BlackElo "2463"]
[PlyCount "57"]
[EventDate "2003.11.01"]
[EventType "tourn"]
[EventRounds "13"]
[EventCountry "HUN"]
[EventCategory "8"]
[Source "Mark Crowther"]
[SourceDate "2003.11.17"]

1. e4 c5 2. Nf3 d6 3. d4 cxd4 4. Nxd4 Nf6 5. Nc3 Nc6 6. Bc4 e6 7. Be3 Be7 8.
Bb3 a6 9. f4 O-O 10. Qf3 Nxd4 11. Bxd4 b5 12. Bxf6 Bxf6 13. e5 Bh4+ 14. g3 Rb8
15. gxh4 Bb7 16. Ne4 dxe5 17. Rg1 g6 18. Rf1 Qd4 19. Nf6+ Kg7 20. c3 Qb6 21.
Qe2 Kxf6 22. fxe5+ Kg7 23. O-O-O Rbd8 24. h5 Rxd1+ 25. Rxd1 Rd8 26. hxg6 Rxd1+
27. Bxd1 hxg6 28. Qd2 Qg1 29. Qf4 1/2-1/2

[Event "Montreal int."]
[Site "Montreal CAN"]
[Date "2003.07.26"]
[Round "4"]
[White "Bluvshtein, Mark"]
[Black "Legky, Nikolay"]
[Result "0-1"]
[WhiteElo "2447"]
[BlackElo "2482"]
[PlyCount "76"]
[EventDate "2003.07.23"]
[EventType "tourn"]
[EventRounds "9"]
[EventCountry "CAN"]
[EventCategory "11"]
[Source "Mark Crowther"]
[SourceDate "2003.07.28"]

1. e4 e6 2. d4 d5 3. Nc3 h6 4. Nf3 Nf6 5. e5 Ne4 6. Bd3 Nxc3 7. bxc3 c5 8. O-O
Nc6 9. Be3 Qa5 10. dxc5 Qxc3 11. Nd4 a6 12. Nxc6 bxc6 13. Qg4 Qxe5 14. Qa4 Qc7
15. Bd4 Bd7 16. Rae1 a5 17. Kh1 Rg8 18. c4 Be7 19. f4 Bf6 20. Be5 Bxe5 21. fxe5
Rb8 22. Qd1 dxc4 23. Bxc4 Rb4 24. Qc2 Rf8 25. a3 Rb8 26. Qh7 Qa7 27. Rc1 Qxc5
28. Bxe6 fxe6 29. Qxg7 Rxf1+ 30. Rxf1 Kd8 31. h3 Qd5 32. Qxh6 Kc7 33. Qe3 c5
34. Qe2 Rg8 35. Rf7 c4 36. Qf2 Kc8 37. Rf3 Bc6 38. Qb6 Qd1+ 0-1

[Event "Montreal int."]
[Site "Montreal CAN"]
[Date "2003.07.27"]
[Round "5"]
[White "Romanishin, Oleg"]
[Black "Bluvshtein, Mark"]
[Result "1-0"]
[WhiteElo "2561"]
[BlackElo "2447"]
[PlyCount "79"]
[EventDate "2003.07.23"]
[EventType "tourn"]
[EventRounds "9"]
[EventCountry "CAN"]
[EventCategory "11"]
[Source "Mark Crowther"]
[SourceDate "2003.08.04"]

1. d4 Nf6 2. Nf3 e6 3. g3 c5 4. Bg2 cxd4 5. O-O d5 6. Nxd4 e5 7. Nb3 Be6 8. Nc3
Be7 9. f4 exf4 10. gxf4 g6 11. Kh1 Nc6 12. Be3 O-O 13. Nd4 Qd7 14. Nxe6 fxe6
15. Bg1 Rad8 16. e3 Bc5 17. Qe2 Ne7 18. Rad1 Qc7 19. Nb5 Qb6 20. b4 Bxb4 21. e4
Bc5 22. Bxc5 Qxc5 23. Nd4 Qb6 24. exd5 Nexd5 25. Qxe6+ Rf7 26. f5 Rd6 27. fxg6
hxg6 28. Qc8+ Rd8 29. Qh3 Ne7 30. Ne6 Rxd1 31. Rxd1 Nfd5 32. c4 Rh7 33. Qg3
Qxe6 34. cxd5 Qd7 35. d6 Nf5 36. Qxg6+ Rg7 37. Bd5+ Kh8 38. Qe6 b5 39. Rd3 Nxd6
40. Rh3+ 1-0

[Event "Montreal int."]
[Site "Montreal CAN"]
[Date "2003.08.03"]
[Round "11"]
[White "Bluvshtein, Mark"]
[Black "Vera, Reynaldo"]
[Result "1/2-1/2"]
[WhiteElo "2447"]
[BlackElo "2509"]
[PlyCount "76"]
[EventDate "2003.07.23"]
[EventType "tourn"]
[EventRounds "9"]
[EventCountry "CAN"]
[EventCategory "11"]
[Source "Mark Crowther"]
[SourceDate "2003.08.04"]

1. e4 c5 2. Nf3 d6 3. d4 cxd4 4. Nxd4 Nf6 5. Nc3 a6 6. Bg5 e6 7. f4 Qb6 8. Nb3
Nbd7 9. Qf3 Be7 10. Bd3 Qc7 11. a4 b6 12. O-O Bb7 13. Qh3 h6 14. f5 e5 15. Be3
Rc8 16. Qg3 h5 17. Rad1 Qb8 18. Bg5 Qa8 19. Qh4 Bd8 20. Nd2 Bc6 21. Nc4 Qb8 22.
Be2 Bc7 23. Ne3 b5 24. axb5 axb5 25. Ned5 Bd8 26. Qg3 Bxd5 27. Bxf6 h4 28. Qf3
Nxf6 29. Nxd5 Rxc2 30. Qd3 Rxb2 31. Rb1 Rxb1 32. Rxb1 Nxd5 33. Qxd5 O-O 34.
Bxb5 Bb6+ 35. Kh1 Bc5 36. Qd3 Qd8 37. Bc4 Qg5 38. Qb3 Qf6 1/2-1/2

[Event "Balatonlelle GM"]
[Site "Balatonlelle HUN"]
[Date "2003.06.21"]
[Round "1"]
[White "Postny, Evgeny"]
[Black "Bluvshtein, Mark"]
[Result "1/2-1/2"]
[WhiteElo "2494"]
[BlackElo "2451"]
[PlyCount "79"]
[EventDate "2003.06.21"]
[EventType "tourn"]
[EventRounds "1"]
[EventCountry "HUN"]
[EventCategory "9"]
[Source "ChessBase"]
[SourceDate "2003.11.25"]

1. d4 d5 2. Nf3 e6 3. c4 c5 4. cxd5 exd5 5. Bg5 f6 6. Bf4 Nc6 7. e3 c4 8. Nc3
Bb4 9. Nd2 Nge7 10. a3 Ba5 11. Be2 O-O 12. O-O Be6 13. h3 Bf7 14. Na4 Bc7 15.
Bxc7 Qxc7 16. b3 cxb3 17. Nxb3 Rfc8 18. Qd2 Qd6 19. Rfc1 Rc7 20. Nc3 Rcc8 21.
Rab1 b6 22. Ba6 Rd8 23. Nb5 Qd7 24. a4 Be8 25. Rb2 Rab8 26. Rbc2 Bg6 27. Rc3
Qe6 28. Qe2 Rd7 29. Na3 Qd6 30. Qb2 Nb4 31. Bb5 Rdd8 32. Be2 a6 33. Na1 Rdc8
34. Rxc8+ Rxc8 35. Rxc8+ Nxc8 36. Qc3 Ne7 37. N1c2 Nxc2 38. Nxc2 Qc6 39. Qxc6
Nxc6 40. Bf3 1/2-1/2

[Event "Balatonlelle GM"]
[Site "Balatonlelle HUN"]
[Date "2003.06.22"]
[Round "2"]
[White "Bluvshtein, Mark"]
[Black "Czebe, Attila"]
[Result "0-1"]
[WhiteElo "2451"]
[BlackElo "2471"]
[PlyCount "120"]
[EventDate "2003.06.21"]
[EventType "tourn"]
[EventRounds "1"]
[EventCountry "HUN"]
[EventCategory "9"]
[Source "ChessBase"]
[SourceDate "2003.11.25"]

1. d4 Nf6 2. c4 g6 3. Nc3 Bg7 4. e4 d6 5. Nf3 O-O 6. Be2 Bg4 7. Be3 Nfd7 8. Rc1
c5 9. d5 a6 10. Nd2 Bxe2 11. Qxe2 e6 12. a4 exd5 13. cxd5 f5 14. exf5 gxf5 15.
Nc4 Ne5 16. Nxe5 Bxe5 17. Qf3 Qh4 18. g3 Qh3 19. Ne2 f4 20. Nxf4 Bxf4 21. Bxf4
Nd7 22. Kd2 Ne5 23. Qe4 Rae8 24. Rce1 Qh5 25. Re3 b5 26. Kc1 Ng4 27. Qf3 Qf5
28. Rxe8 Rxe8 29. Rd1 c4 30. Kd2 Nxh2 31. Qc3 Ng4 32. Qd4 b4 33. f3 c3+ 34.
bxc3 b3 35. Rc1 b2 36. fxg4 Qxg4 37. Kc2 Re2+ 38. Kb3 bxc1=Q 39. Bxc1 Qxd4 40.
cxd4 Kf7 41. Bf4 Re4 42. Bxd6 Rxd4 43. Bc7 Rxd5 44. Kc4 Ke6 45. Bb8 h5 46. Bc7
Rf5 47. Bb8 Kd7 48. Kb4 Kc6 49. Ba7 Rg5 50. Bf2 a5+ 51. Kc4 Rg4+ 52. Kb3 Kb7
53. Ka3 Ka6 54. Kb3 Rb4+ 55. Ka3 Kb7 56. Be1 Re4 57. Bf2 Re2 58. Bd4 Rd2 59.
Be5 Rd3+ 60. Kb2 Kc6 0-1

[Event "Balatonlelle GM"]
[Site "Balatonlelle HUN"]
[Date "2003.06.23"]
[Round "3"]
[White "Turov, Maxim"]
[Black "Bluvshtein, Mark"]
[Result "0-1"]
[WhiteElo "2531"]
[BlackElo "2451"]
[PlyCount "90"]
[EventDate "2003.06.21"]
[EventType "tourn"]
[EventRounds "1"]
[EventCountry "HUN"]
[EventCategory "9"]
[Source "ChessBase"]
[SourceDate "2003.11.25"]

1. e4 e6 2. d3 c5 3. Nf3 Nc6 4. g3 g6 5. Bg5 Be7 6. Bxe7 Ngxe7 7. Bg2 e5 8. c3
d5 9. exd5 Qxd5 10. O-O Bg4 11. h3 Bxf3 12. Qxf3 Qxf3 13. Bxf3 O-O-O 14. Be2 h5
15. h4 f5 16. Na3 f4 17. Rfe1 g5 18. hxg5 fxg3 19. fxg3 Rhg8 20. Kh2 Rxg5 21.
Rg1 Nf5 22. Bf1 Ne3 23. Nc4 Ng4+ 24. Kg2 e4 25. Be2 exd3 26. Bxg4+ Rxg4 27. Nd2
h4 28. Kf2 Re8 29. Rae1 Rxe1 30. Rxe1 hxg3+ 31. Kg2 b5 32. Re3 c4 33. Rxg3
Rxg3+ 34. Kxg3 Kd7 35. Kf4 Kd6 36. Ke4 Kc5 37. b3 a5 38. bxc4 bxc4 39. a4 Nb8
40. Ke5 Nd7+ 41. Ke6 Nb6 42. Ne4+ Kc6 43. Nd2 Nxa4 44. Nxc4 Nc5+ 45. Kf5 a4 0-1

[Event "Balatonlelle GM"]
[Site "Balatonlelle HUN"]
[Date "2003.06.24"]
[Round "4"]
[White "Bluvshtein, Mark"]
[Black "Tatai, Stefano"]
[Result "1/2-1/2"]
[WhiteElo "2451"]
[BlackElo "2343"]
[PlyCount "44"]
[EventDate "2003.06.21"]
[EventType "tourn"]
[EventRounds "1"]
[EventCountry "HUN"]
[EventCategory "9"]
[Source "ChessBase"]
[SourceDate "2003.11.25"]

1. d4 Nf6 2. c4 e6 3. Nc3 Bb4 4. f3 c5 5. d5 Bxc3+ 6. bxc3 d6 7. e4 e5 8. Bd3
Nbd7 9. Ne2 Nf8 10. g4 Ng6 11. h4 h6 12. Ng3 Nh7 13. Nf5 Bxf5 14. exf5 Nxh4 15.
Kf2 g5 16. fxg6 fxg6 17. Bxh6 Ng5 18. Qa4+ Kf7 19. Rxh4 Ne4+ 20. Bxe4 Qxh4+ 21.
Ke2 Rxh6 22. Rh1 Qxh1 1/2-1/2

[Event "Balatonlelle GM"]
[Site "Balatonlelle HUN"]
[Date "2003.06.25"]
[Round "5"]
[White "Nemet, Ivan"]
[Black "Bluvshtein, Mark"]
[Result "0-1"]
[WhiteElo "2425"]
[BlackElo "2451"]
[PlyCount "114"]
[EventDate "2003.06.21"]
[EventType "tourn"]
[EventRounds "1"]
[EventCountry "HUN"]
[EventCategory "9"]
[Source "ChessBase"]
[SourceDate "2003.11.25"]

1. c4 e6 2. Nc3 c5 3. Nf3 d5 4. cxd5 exd5 5. d4 Nc6 6. Bg5 f6 7. Bc1 Bg4 8. e3
cxd4 9. exd4 Bb4 10. Be2 Nge7 11. O-O O-O 12. h3 Bh5 13. Qb3 Kh8 14. Be3 Ba5
15. Rfd1 Bb6 16. Nh4 Bxe2 17. Nxe2 Na5 18. Qd3 Nc4 19. Bc1 Qd7 20. b3 Nd6 21.
Ba3 Rfe8 22. Ng3 Nc6 23. Bxd6 Qxd6 24. Nf3 Qf4 25. Ne2 Qe4 26. Nc3 Qxd3 27.
Rxd3 Nb4 28. Rd2 Rac8 29. Re2 Rxe2 30. Nxe2 Rc2 31. Nf4 Bc7 32. Ne6 Kg8 33. Ne1
Rc6 34. Nxc7 Rxc7 35. a3 Nc6 36. Rc1 Kf7 37. b4 Re7 38. Nf3 Ke6 39. b5 Na5 40.
Rc8 Nc4 41. a4 Nb6 42. Rc3 Nxa4 43. Ra3 Nb6 44. Rxa7 Nc4 45. Ne1 Nd6 46. Ra5
Kf5 47. Nc2 b6 48. Ra1 Nxb5 49. Rb1 Nc3 50. Rxb6 Ke4 51. Rb3 Rc7 52. Kf1 Kd3
53. Ne3 Kxd4 54. g3 Ra7 55. Nf5+ Kc4 56. Rb8 g6 57. Ne3+ Kd3 0-1

[Event "Balatonlelle GM"]
[Site "Balatonlelle HUN"]
[Date "2003.06.27"]
[Round "7"]
[White "Bluvshtein, Mark"]
[Black "Sprenger, Jan Michael"]
[Result "1-0"]
[WhiteElo "2451"]
[BlackElo "2431"]
[PlyCount "103"]
[EventDate "2003.06.21"]
[EventType "tourn"]
[EventRounds "1"]
[EventCountry "HUN"]
[EventCategory "9"]
[Source "ChessBase"]
[SourceDate "2003.11.25"]

1. d4 d5 2. c4 e6 3. Nf3 Nf6 4. Nc3 c6 5. e3 Nbd7 6. Qc2 Bd6 7. b3 O-O 8. Be2
b6 9. O-O Bb7 10. Bb2 Qe7 11. Rad1 c5 12. cxd5 exd5 13. Qf5 Qe6 14. Bd3 Rfe8
15. Rfe1 Rad8 16. Qxe6 fxe6 17. e4 cxd4 18. Nxd4 dxe4 19. Nxe4 Nxe4 20. Bxe4
Bxe4 21. Rxe4 Nf6 22. Ree1 Bc5 23. Nc6 Rxd1 24. Rxd1 Nd5 25. Bd4 Bxd4 26. Rxd4
Rc8 27. Rc4 b5 28. Rc2 Kf8 29. Kf1 Ne7 30. Nd4 Rxc2 31. Nxc2 Nc6 32. Ke2 Ke7
33. Kd3 Kd6 34. Ke4 Kc5 35. a3 a5 36. Ne1 Kd6 37. Nd3 Nd8 38. Ne5 Nb7 39. b4
axb4 40. axb4 Nd8 41. f4 h5 42. g3 Nc6 43. Nxc6 Kxc6 44. Ke5 Kd7 45. h3 Ke7 46.
g4 hxg4 47. hxg4 Kd7 48. g5 Ke7 49. f5 exf5 50. Kxf5 Kf7 51. g6+ Kf8 52. Ke6
1-0

[Event "Balatonlelle GM"]
[Site "Balatonlelle HUN"]
[Date "2003.06.29"]
[Round "9"]
[White "Bluvshtein, Mark"]
[Black "Balogh, Csaba"]
[Result "1-0"]
[WhiteElo "2451"]
[BlackElo "2471"]
[PlyCount "91"]
[EventDate "2003.06.21"]
[EventType "tourn"]
[EventRounds "1"]
[EventCountry "HUN"]
[EventCategory "9"]
[Source "ChessBase"]
[SourceDate "2003.11.25"]

1. d4 Nf6 2. c4 e6 3. Nc3 Bb4 4. f3 Nc6 5. e4 d5 6. e5 Ng8 7. Be3 dxc4 8. a3
Bxc3+ 9. bxc3 Bd7 10. f4 Na5 11. f5 Qh4+ 12. Bf2 Qe4+ 13. Be2 Qxf5 14. Nf3 Ne7
15. O-O Nd5 16. Qe1 Bc6 17. Rc1 b5 18. Nd2 Nf4 19. Bg3 Nxe2+ 20. Qxe2 Qg6 21.
Rf4 h5 22. Rcf1 Rf8 23. Ne4 Nb3 24. Bh4 Bxe4 25. Rxe4 c6 26. Ref4 Rc8 27. a4 a6
28. axb5 axb5 29. Qa2 f6 30. Qa3 Kf7 31. exf6 Kg8 32. Qe7 Qf7 33. Qd6 g6 34.
Re1 Rfe8 35. g4 c5 36. gxh5 gxh5 37. Rf3 Kh8 38. Rg3 Rg8 39. d5 Rxg3+ 40. hxg3
exd5 41. Re7 Qg6 42. Qe5 Rf8 43. Qxd5 Qb1+ 44. Kh2 Qc2+ 45. Kh3 Qh2+ 46. Kxh2
1-0

[Event "Chicago op"]
[Site "Oak Brook USA"]
[Date "2003.05.23"]
[Round "1"]
[White "Bluvshtein, Mark"]
[Black "Dean, Jim"]
[Result "1-0"]
[WhiteElo "2451"]
[BlackElo "2223"]
[PlyCount "65"]
[EventDate "2003.05.23"]
[EventType "swiss"]
[EventRounds "7"]
[EventCountry "USA"]
[Source "Mark Crowther"]
[SourceDate "2003.06.09"]

1. e4 c6 2. d4 d5 3. exd5 cxd5 4. c4 Nf6 5. Nc3 g6 6. cxd5 Nxd5 7. Nf3 Bg7 8.
Bc4 Nxc3 9. bxc3 O-O 10. O-O Nc6 11. Re1 Bg4 12. Rb1 Qc7 13. Bd3 Rad8 14. h3
Bc8 15. Qb3 e6 16. Bg5 Rde8 17. Bh4 Qa5 18. Be4 Ne7 19. Bg3 Rd8 20. Bh4 Rd7 21.
Ne5 Rc7 22. Nc4 Qh5 23. Bg3 Rd7 24. Ne5 Rdd8 25. Bf3 Qh6 26. Bxb7 Nf5 27. Ng4
Qg5 28. Bxc8 Rxc8 29. Be5 h5 30. Ne3 Nh4 31. Bg3 Rc6 32. Qb4 Rfc8 33. d5 1-0

[Event "Chicago op"]
[Site "Oak Brook USA"]
[Date "2003.05.25"]
[Round "4"]
[White "Gurevich, Dmitry"]
[Black "Bluvshtein, Mark"]
[Result "1/2-1/2"]
[WhiteElo "2498"]
[BlackElo "2451"]
[PlyCount "146"]
[EventDate "2003.05.23"]
[EventType "swiss"]
[EventRounds "7"]
[EventCountry "USA"]
[Source "Mark Crowther"]
[SourceDate "2003.06.09"]

1. d4 Nf6 2. c4 e6 3. g3 c5 4. Nf3 d5 5. cxd5 exd5 6. Bg2 Nc6 7. O-O Be7 8. Nc3
O-O 9. b3 Ne4 10. Bb2 Bf6 11. Na4 b6 12. Rc1 Ba6 13. dxc5 Bxb2 14. Nxb2 bxc5
15. Na4 Re8 16. Re1 c4 17. Nd2 cxb3 18. Rxc6 Bb5 19. Nxe4 Bxc6 20. Nec3 bxa2
21. Nxa2 Qa5 22. N4c3 Rab8 23. Qd4 Rb2 24. Rc1 Bb7 25. h4 h6 26. Bf3 Rc8 27.
Nxd5 Rxc1+ 28. Nxc1 Rb1 29. Ne7+ Kf8 30. Bxb7 Rxc1+ 31. Kh2 Qb6 32. Qxb6 axb6
33. Nf5 b5 34. Nd4 b4 35. Bd5 h5 36. e3 g6 37. Kg2 Rd1 38. Kf3 Rd2 39. Be4 Kg7
40. Nb3 Rb2 41. Bd5 f5 42. Nd4 Rd2 43. Kg2 Rd1 44. Bb3 Rb1 45. Bc2 Ra1 46. Kf3
Ra2 47. Kf4 b3 48. Bxb3 Rxf2+ 49. Ke5 Rg2 50. Ne6+ Kh8 51. Kf4 Kh7 52. Bd5 Rd2
53. Bc6 Kh6 54. Nd4 Rd1 55. Nf3 Rc1 56. Bd5 Kg7 57. Ke5 Rc3 58. Kd4 Rc1 59. Ke5
Rc3 60. Kf4 Rc1 61. e4 fxe4 62. Bxe4 Kf6 63. Bd3 Rc5 64. Nd2 Ra5 65. Ne4+ Kg7
66. Ke3 Rd5 67. Ng5 Ra5 68. Ne6+ Kh6 69. Kf4 Rd5 70. Be4 Ra5 71. Bd3 Ra4+ 72.
Ke3 Ra5 73. Kf4 Ra3 1/2-1/2

[Event "Classics GM"]
[Site "Gausdal NOR"]
[Date "2003.04.03"]
[Round "1"]
[White "Lugovoi, Aleksei"]
[Black "Bluvshtein, Mark"]
[Result "1/2-1/2"]
[WhiteElo "2563"]
[BlackElo "2451"]
[PlyCount "44"]
[EventDate "2003.04.03"]
[EventType "tourn"]
[EventRounds "11"]
[EventCountry "NOR"]
[EventCategory "8"]
[Source "Mark Crowther"]
[SourceDate "2001.05.14"]

1. d4 d5 2. c4 e6 3. Nc3 c5 4. cxd5 exd5 5. Nf3 Nc6 6. g3 Nf6 7. Bg2 Be7 8. O-O
O-O 9. Bg5 c4 10. Ne5 Be6 11. b3 Qa5 12. Nxc6 bxc6 13. Qd2 Bb4 14. Bxf6 gxf6
15. Rfc1 Rac8 16. bxc4 dxc4 17. e4 Rfd8 18. Qe3 Rc7 19. e5 Be7 20. Qf4 Kg7 21.
Ne2 fxe5 22. dxe5 Rcd7 1/2-1/2